000 00810nam a22002537a 4500
005 20170124105924.0
010 _aA-953287
020 _c00.00
_a9788130902265
035 _aA-953287
037 _bCen Lib/Ret
040 _aDPL
_bEN
082 _a320.54
100 _a Aloysius, G.
_95795
245 _aNationalism without a nation in India /
_cby G. Aloysius
260 _aNew Delhi
_bOxford university press
_c1997
270 _bNew Delhi
300 _a265p.
_c21cm(Hb)
500 _a Includes index
650 _aNationalism
_95796
650 _aBritish occupation of India
_y(1765-1947)
_95797
650 _aराष्ट्रवाद
_95798
650 _a भारत के ब्रिटिश कब्जे
_y(1765-1947)
_95799
942 _2ddc
_cEN
_h320.54
_mALO
999 _c123395
_d123395